| 000 | 00988nam a2200241 a 4500 | ||
|---|---|---|---|
| 001 | 28424 | ||
| 005 | 20180713231312.0 | ||
| 008 | 140415s1992 000 0 spa d | ||
| 020 | _a8476158106 | ||
| 041 | _aspa | ||
| 082 |
_a330 _bWON |
||
| 100 | 1 | _aWONNACOTT PAUL | |
| 245 | 1 | 0 | _aECONÓMIA |
| 250 | _a4° EDICIÓN | ||
| 260 |
_a[s.l.] : _bMC GRAW HILL, _c1992 |
||
| 300 |
_a995 _c18 x 5 x 24 |
||
| 500 | _aEL LIBRO CONTIENE DATOS SOBRE LOS AUTORES. | ||
| 520 | _aLA CUARTA EDICION DE ECONOMIA ES LA MAS AMPLIA REVISION DEL LIBRO REALIZADA HASTA LA FECHA Y RECONSTRUYE Y MEJORA LA ESTRUCTURA DE LAS EDICIONES ANTERIORES. LAS NOVEDADES DE ESTA EDICION SE DETALLAN EN LA PROXIMA SECCION ESTE LIBRO SE INSPIRO EN DOS CUENTIONES PRINCIPALES, QUE SON PROPIA NUESTRA MATERIA Y POR NUESTRA INCAPACIDAD PARA ENCONTRAR LAS RESPUESTAS. | ||
| 650 | 1 | 4 | _aECONOMIA |
| 700 | 1 |
_aFRANCESC SOLE PARELLADA _etr. |
|
| 700 | 1 |
_aA. DONNA Y ELOISE _epról. |
|
| 740 | _aECONOMICS | ||
| 999 |
_c28424 _d28424 |
||